Spôsoby ako môžeme budovať značku
Budovanie značky - strategické riadenie značky. Spôsoby ako môžeme budovať značku. Možnosť budovania značky online. Využívanie sociálnych sietí. Podpora značky zodpovedným podnikaním. Creating shared value /CSV/, t.j. vytváranie zdieľanej hodnoty. Top najhodnotnejšie značky na svete za rok 2013. Bra...
Salvato in:
| Autore principale: | |
|---|---|
| Altri autori: | |
| Natura: | Capitolo di libro |
| Lingua: | slovacco |
| Soggetti: | |
| Tags: |
Nessun Tag, puoi essere il primo ad aggiungerne!!
|
MARC
| LEADER | 00000nla a2200000 4500 | ||
|---|---|---|---|
| 001 | 0186588 | ||
| 005 | 20240502073203.7 | ||
| 041 | 0 | |a slo | |
| 044 | |a SK | ||
| 245 | 1 | 0 | |a Spôsoby ako môžeme budovať značku |c Martin Križan, Pavel Škriniar |
| 520 | |a Budovanie značky - strategické riadenie značky. Spôsoby ako môžeme budovať značku. Možnosť budovania značky online. Využívanie sociálnych sietí. Podpora značky zodpovedným podnikaním. Creating shared value /CSV/, t.j. vytváranie zdieľanej hodnoty. Top najhodnotnejšie značky na svete za rok 2013. Brand management. | ||
| 610 | 2 | 0 | |a riadenie strategické |
| 610 | 2 | 0 | |a manažment značky |
| 610 | 2 | 0 | |a značky |
| 610 | 2 | 0 | |a technológie informačné |
| 610 | 2 | 0 | |a technológie komunikačné |
| 610 | 2 | 0 | |a internet |
| 610 | 2 | 0 | |a siete sociálne |
| 610 | 2 | 0 | |a podnikanie zodpovedné |
| 100 | 1 | |a Križan, Martin | |
| 700 | 1 | |a Škriniar, Pavel, 1979- | |